U.S. States Closest to Canada Without a Land Border - Statistics

General Stats
  • This quiz has been taken 95 times
  • The average score is 7 of 10
Answer Stats
Mi U.S. State Km % Correct
4 Ohio 6
90%
24 Pennsylvania 38
82%
141 Oregon 227
81%
89 Indiana 144
80%
67 Wisconsin 108
79%
150 Massachusetts 241
76%
201 New Jersey 324
63%
200 Kentucky 322
44%
198 Maryland 318
44%
130 West Virginia 209
43%
No matching quizzes found
Score Distribution
Percent of People with Each Score
Percentile by Number Answered
Your Score History
You have not taken this quiz